00522nam a2200193 a 4500001001300000003000900013005001700022008004100039020000900080082002200089100001300111245003900124260005700163300000900220500003500229505002400264650002700288700001300315nice12345678IN_TiNIC20260116012955.0050524s1975 newa grp 000 0 eng  ac4500a323.39710954bBAL aBaldev,  aIndia Pakistan and Muslim Politics aNew DelhibInternational Reporter Publicationsc1975 a178p aincludes index and biblioraphy2 aIndex, Bibliography aMuslims-India-Politics1 aBaldev,